Quick Pick: 2020 Democratic Women Quiz Stats

 Plays Quiz Updated Oct 26, 2019

Score 0/6 Timer 01:00
10 Plays Today
% Correct
Elizabeth Warren
94.6%
Kamala Harris
91.3%
Kirsten Gillibrand
85.3%
Amy Klobuchar
81%
Tulsi Gabbard
79.2%
Marianne Williamson
73.4%

Today's Daily Dose

You're not logged in!

Compare scores with friends on all Sporcle quizzes.
OR
Log In

Sporcle TV

Today on Sporcle TV


Watch our educational content, quiz creation guides, and fun videos on Sporcle TV.

Show Comments

Extras

Top Quizzes Today


Score Distribution

Your Account Isn't Verified!

In order to create a playlist on Sporcle, you need to verify the email address you used during registration. Go to your Sporcle Settings to finish the process.

Report this User

Report this user for behavior that violates our Community Guidelines.

Details: